Catálogo de la Biblioteca Horacio González - Universidad Nacional de General Sarmiento

Cinq siècles de mathématiques en France (Registro nro. 21519)

Detalles MARC
000 -CABECERA
campo de control de longitud fija 00757nam a22002770a 4500
001 - NÚMERO DE CONTROL
campo de control PT30008
003 - IDENTIFICADOR DEL NÚMERO DE CONTROL
campo de control AR-LpoUNG
005 - FECHA Y HORA DE LA ÚLTIMA TRANSACCIÓN
campo de control 20210131233559.0
008 - DATOS DE LONGITUD FIJA--INFORMACIÓN GENERAL
campo de control de longitud fija 191001s2055||||fr |||||||||||||||||fre d
020 ## - NÚMERO INTERNACIONAL ESTÁNDAR DEL LIBRO
Número Internacional Estándar del Libro 2914935382
Condiciones de disponibilidad $10
040 ## - FUENTE DE LA CATALOGACIÓN
Centro catalogador/agencia de origen AR-LpoUNG
Lengua de catalogación spa
Centro/agencia transcriptor AR-LpoUNG
Normas de descripción aacr
041 ## - CÓDIGO DE LENGUA
Código de lengua del texto/banda sonora o título independiente fre
044 ## - CÓDIGO DEL PAÍS DE LA ENTIDAD EDITORA/PRODUCTORA
Código MARC del país fr
082 0# - NÚMERO DE LA CLASIFICACIÓN DECIMAL DEWEY
Número de clasificación 510 496cin
100 1# - ENTRADA PRINCIPAL--NOMBRE DE PERSONA
Nombre de persona Berger, Marcel
245 10 - MENCIÓN DE TÍTULO
Título Cinq siècles de mathématiques en France
250 ## - MENCIÓN DE EDICIÓN
Mención de edición 1§ edición
260 ## - PUBLICACIÓN, DISTRIBUCIÓN, ETC.
Lugar de publicación, distribución, etc. París :
Nombre del editor, distribuidor, etc. Direction de la Coopération Culturelle et du Français,
Fecha de publicación, distribución, etc. mayo 2005.
300 ## - DESCRIPCIÓN FÍSICA
Extensión 288 p. :
Otras características físicas il.
650 #4 - PUNTO DE ACCESO ADICIONAL DE MATERIA--TÉRMINO DE MATERIA
Término de materia o nombre geográfico como elemento de entrada ANALISIS MATEMATICO
650 #4 - PUNTO DE ACCESO ADICIONAL DE MATERIA--TÉRMINO DE MATERIA
Término de materia o nombre geográfico como elemento de entrada MATEMATICAS
650 #4 - PUNTO DE ACCESO ADICIONAL DE MATERIA--TÉRMINO DE MATERIA
Término de materia o nombre geográfico como elemento de entrada MATEMATICOS
651 #4 - PUNTO DE ACCESO ADICIONAL DE MATERIA--NOMBRE GEOGRÁFICO
Nombre geográfico DOCUMENTOS TEORICOS O METODOLOGICOS
905 ## - ELEMENTOS DE DATOS E LOCAL, LDE (RLIN)
a 30008
942 ## - ELEMENTOS DE PUNTO DE ACCESO ADICIONAL (KOHA)
Tipo de ítem Koha Libro
Existencias
Estado de retiro Estado de pérdida Estado dañado No para préstamo Código de colección Localización permanente Ubicación/localización actual Fecha de adquisición Total de préstamos Signatura topográfica completa Código de barras Fecha visto por última vez Precio válido a partir de Tipo de ítem Koha
        Colección General Biblioteca Universidad Nacional de General Sarmiento Biblioteca Universidad Nacional de General Sarmiento 31/01/2021   510 496cin 00033118 31/01/2021 31/01/2021 Libro